000 03502nam a22004217a 4500
005 20100906104624.0
008 100906t xxu||||| |||| 00| 0 hin d
010 _aHIN-90396 B-437775-784
020 _a9788188457670
_c300.00
035 _aHN-62742 B-437775-784
037 _bDBAD/PUN
037 _bAllied Pub/Ven
040 _aDPL
_bHN
082 _a
100 _918464
_aमुनीन्द्र, सुषमा
245 _aऑन लाइन रोमांस /
_cसुषमा मुनीन्द्र
246 _aOn line romance
_bby Sushma Munindra
260 _aनई दिल्ली
_bकल्याणी शिक्षा परिषद
_c2010
270 _a3320-21, जटवाड़ा, दरियागंज
_bनई दिल्ली
_e110002
300 _a256पृ.
_c22सेमी (सजिल्द)
650 _91169
_aलघु कथाएं, हिन्दी
650 _918465
700 _918865
700 _918866
942 _2ddc
_cHN
_h
_mमुनीन्द्र
999 _c44527
_d44527